000 00441cam a22001217a 4500
008 180718b1967 xxu||||| |||| 00| 0 eng d
082 _aA81x54 In2/61/20/Pt6/15
100 _aCensus of India 1961
245 _aHimachal Pradesh: a village survey of Pangna (Korsong tehsil, Mandi district)
260 _aDelhi
_bThe Manager of Publications
_c1967
300 _a67+p.
440 _aCensus of India 1961. Volume XX, Himachal Pradesh. Part VI-No. 15
999 _c484159
_d484159